| 000 | 00723cam a22002172 4500 | ||
|---|---|---|---|
| 001 | 0000004777 | ||
| 005 | 20151217151941.0 | ||
| 008 | 070529s xx 000 0 eng d | ||
| 020 |
_a0674008278 : _cKES 300 |
||
| 040 |
_aKABU _cKABU |
||
| 050 | 0 |
_aQL776 _b.R64 2000 |
|
| 100 | 1 |
_aRogers, Lesley J. _@0000155578 |
|
| 245 | 1 | 0 |
_aSongs, roars and rituals : _bcommunication in birds, mammals and other animals / _cLesley J. Rogers and Gisela Kaplan. |
| 260 |
_aCambridge, Mass : _bHarvard Univ. Press, _c2000. |
||
| 300 | _ax, 207 p. | ||
| 650 | 0 |
_aAnimal communication. _@0000155192 |
|
| 700 | 1 |
_aKaplan, Gisela. _@0000155579 |
|
| 908 | _a070529 | ||
| 950 | _@1 | ||
| 999 |
_c6653 _d6653 |
||